The Star Family - SpongeBob SquarePants - Statistics

General Stats
  • This quiz has been taken 21 times
  • The average score is 8 of 27
Answer Stats
Relation Character % Correct
Patrick Patrick
92%
Sister Sam
67%
Grandfather (TPSS) GrandPat
50%
Father Herb
50%
Mother Margie
50%
Mother (TPSS) Bunny
42%
Father (TPSS) Cecil
42%
Cousin Gary
42%
Adopted Sister (TPPS) Squidina
42%
Ancestor Patar
33%
Descendant PatTron
25%
Uncle Sluggo
25%
Grandfather Billy Bob
17%
First Cousin Twice Removed Carl
17%
Cousin Ed
17%
Great Great Grandfather King Amoeba
17%
Grandmother Maw Tucket
17%
Great Grand Uncle Prince Callous
17%
Great Grand Uncle Prince Dingus
17%
Great Grandmother Princess Tulsa
17%
Great Great Grandmother Queen Mildew
17%
Great Grandfather Yorick
17%
Grand uncle Cletus
8%
Great Great Grand Uncle Patrick Revere
8%
Ancestor Pecos Patrick
8%
Ancestor Prehistoric Gary
8%
Ancestor Primitive Star
8%
No matching quizzes found
Score Distribution
Percent of People with Each Score
Percentile by Number Answered
Your Score History
You have not taken this quiz